000 00461cam a22001457a 4500
008 180718b1960 xxu||||| |||| 00| 0 eng d
082 _aB1203x54 C393/1 1/60
100 _aChaudhari, Lakhi Singh
245 _aChaudri's compilation of the civil service regulations
_cby Lakhi Singh Chaudhari
250 _a4th ed.
260 _aHoshiarpur
_bS. Lakhi Singh Chaudri
_c1960
300 _a624p.
500 _aRs.7.00
650 _aCivil Service - India - Legislation
999 _c362266
_d362266